• 首页
  • 本馆介绍
  • 公告通知
  • 最新文献
  • 馆藏检索
  • 电子资源
  • 读者导购
  • 参考咨询
  • 我的图书馆
  • 登录
  • 详细信息显示
  • 放入我的书架
  • 预约/预借图书
  • 作者相关作品
  • 分类相关作品
  • 丛书相关作品
  • 出版社相关作品

书目信息

  • 表格格式
  • 工作单格式
  • 卡片格式
书名: Squire's Fundamentals of Radiology
作者: Robert A.Novelline,M.D.
分册号:
分册名:
出版地:
 
出版社: Harvard University Press
出版时间: 1997.
页数: 621 p. ;
开本: 29cm.
丛书名:
中图分类号:
科图分类号:
其他分类号: R812
主题词:
电子资源:
000 00397nam 2200145 a 4500
001 E0753357860
005 20070513145952.60
008 070513s1997 00010 eng
020    @a0-674-83339-2.
040    @aPFT@beng
090    @aR812
099    @dR812@ex9=5
245 1  @aSquire's Fundamentals of Radiology / @cRobert A.Novelline,M.D.
260    @bHarvard University Press,@c1997.
300    @a621 p. ;@c29cm.
    
    Squire's Fundamentals of Radiology / / Robert A.Novelline,M.D.-Harvard University Press, , 1997.
    621 p. ; ; 29cm.
    
    
    ISBN 0-674-83339-2.
    
●
相关链接 在E读中查询图书 在五车中查询图书 在当当中查询图书 在豆瓣中查询图书


正题名:Squire's Fundamentals of Radiology     索取号:R812/x9=5         预约/预借

序号 登录号 条形码 馆藏地/架位号 状态 备注
1 008696   300086966   第二样本阅览室/ [索取号:R812/x9=5] 在馆    
2 008697   300086975   第四借阅区/ [索取号:R812/x9=5] 在馆    
3 008698   300086984   第四借阅区/ [索取号:R812/x9=5] 在馆    
唐山师范学院图书馆 欢迎您!
大连网信软件有限公司© 版权所有